000 00286nam a2200109Ia 4500
005 20251222140059.0
008 251222s1900||||xx |||||||||||||| ||spa||
082 _a149.94/L5
245 0 _aLenguaje y FilosofĂ­a:
264 _bConsejo Superior de Investigaciones CientĂ­ficas
942 _cLIB
999 _c3866
_d3866